The whipping boy : 2008-2011 (Record no. 144571)

MARC details
000 -LEADER
fixed length control field 00274nam a2200097Ia 4500
082 ## - DEWEY DECIMAL CLASSIFICATION NUMBER
Classification number 920 TROV
008 - FIXED-LENGTH DATA ELEMENTS--GENERAL INFORMATION
fixed length control field 210817s9999 xx 000 0 und d
100 ## - MAIN ENTRY--PERSONAL NAME
Personal name Trovato, Ben Johannesburg, South Africa, 2011
9 (RLIN) 42583
245 #0 - TITLE STATEMENT
Title The whipping boy : 2008-2011
942 ## - ADDED ENTRY ELEMENTS
item type Books
Holdings
Withdrawn status Lost status Damaged status Not for loan Home library Current library Date acquired Cost, normal purchase price Total Checkouts Barcode Date last seen Price effective from item type Source of classification or shelving scheme Collection code Shelving location Full call number
        Funda PL (MMID-PLEMA-FUND) Funda PL (MMID-PLEMA-FUND) 18.08.2021 130.00   3322810012021 18.08.2021 18.08.2021 Books        
        Sabie Sabie 04.11.2024     33228024709956 04.11.2024 04.11.2024 Books Dewey Decimal Classification 900: History & Geography Non Fiction 920 TROV